000 00528nam a2200193Ia 4500
005 20250326141734.0
008 250326s9999 xx 000 0 und d
020 _a92-2-106151-5
037 _aTextbook
040 _aFMSL
_beng
_cFMSL
041 _aeng
_2eng
084 _aX:95 M7
_qFMSL
100 _aWhite M
_975495
245 0 _aWorking house : assessing the potential for reduction
_cWhite M
260 _aGeneva
_bGeneva, ILO
_c1987
300 _a113p
942 _cTB
_hX:95 M7
999 _c1291737
_d1291737